Estadísticas para Países Nunca Colonizados por los Europeos

Haz click aquí para tomar la prueba!

Estadísticas generales

  • Esta prueba ha sido tomada 1.294 veces
    (1.213 desde el último reinicio)
  • La puntuación promedio es 11 de 16

Estadísticas de respuestas

ContinentePaís% Correcto
AsiaChina
93%
AsiaJapón
91%
AsiaMongolia
80%
AsiaCorea del Norte
79%
AsiaCorea del Sur
79%
AsiaNepal
76%
AsiaIrán
75%
AsiaBután
70%
AsiaArabia Saudita
68%
AsiaAfganistán
67%
AsiaTailandia
65%
AsiaYemen
65%
ÁfricaEtiopía
62%
OceaníaTonga
52%
AsiaTurquía
51%
ÁfricaLiberia
44%

Distribución de puntuación

Porcentaje por número respondido

Porcentaje de gente con cada puntuación

Historial de tus puntuaciones

No has tomado esta prueba desde el último reinicio